000 00716nam a22002297a 4500
003 UA-OsUOA
001 43386
007 ta
008 20061221b un ||||| |||| 00| 0 ukr d
100 _aМарунчак М.Г.
090 _a94(477).152
_bМ29
942 _cBK
040 _aUA-OsUOA
_bukr
_cUA-OsUOA
_dUA-OsUOA
245 _aПетро Гаврисишин: піонер-будівничий Шашкевичівської дільниці (Пойнт Доглес) у Вінніпегу
300 _a110 с.
955 _a4
041 _aukr
080 _a94(477).152
260 _aВінніпег
_c1962
650 7 _a9 Географія. Біографії. Історія
_2UDC
999 _c329514
_d329514